Peugeot vyvolal v Trnave v obchode s bytmi paniku

Rozhodnutie francúzskeho koncernu PSA o postavení závodu na výrobu áut v Trnave prakticky ochromilo obchodovanie s bytmi. Predpoklad nárastu cien bytov. Majitelia byty držia a nepredávajú. Súčasná cenová hladina nezodpovedá reálnej kúpyschopnosti obyvateľov. Potreba viac stavať.

Na minha lista:
Detalhes bibliográficos
Autor principal: Sedlák, Miro
Formato: Capítulo de Livro
Idioma:eslovaco
Assuntos:
Tags: Adicionar Tag
Sem tags, seja o primeiro a adicionar uma tag!

MARC

LEADER 00000naa a2200000 4500
001 r048054
005 20230921114641.6
041 0 |a slo 
044 |a SK 
245 1 0 |a Peugeot vyvolal v Trnave v obchode s bytmi paniku  |c Miro Sedlák 
520 |a Rozhodnutie francúzskeho koncernu PSA o postavení závodu na výrobu áut v Trnave prakticky ochromilo obchodovanie s bytmi. Predpoklad nárastu cien bytov. Majitelia byty držia a nepredávajú. Súčasná cenová hladina nezodpovedá reálnej kúpyschopnosti obyvateľov. Potreba viac stavať. 
610 2 0 |a byty 
610 2 0 |a predaj 
610 2 0 |a ceny 
610 2 0 |a kúpyschopnosť 
610 2 0 |a obyvateľstvo 
610 2 0 |a investície zahraničné 
610 2 0 |a investície zo zahraničia 
610 2 0 |a výroba 
610 2 0 |a automobily 
610 2 0 |a Trnava 
100 1 |a Sedlák, Miro